Mito y epopeya

Gespeichert in:
Bibliographische Detailangaben
1. Verfasser: Dumézil, Georges (auteur)
Format: Buch
Sprache:Spanisch
Veröffentlicht: Barcelona Seix Barral 1977
Schriftenreihe:Biblioteca breve. Ciencias humanas, 397
Schlagworte:
Tags: Tag hinzufügen
Keine Tags, Fügen Sie den ersten Tag hinzu!

MARC

LEADER 00000nam a2200000 a 4500
001 UCV7610
003 CL-VaPUC
008 881215e19770000SP |||||||||||||||||spa|d
082 0 4 |a 291.13  |b DUM  |2 21 
100 |a Dumézil, Georges  |e auteur   |9 301747 
245 1 0 |a Mito y epopeya 
300 |a v 
942 |c BK 
945 |d 19881215 00:00:00 
260 |a Barcelona  |b Seix Barral  |c 1977 
500 |a v.1: La ideología de las tres funciones en las epopeyas de los pueblos indoeuropeos 
650 0 |a Religiones  |9 265211 
650 0 |a Hinduismo  |9 265212 
650 7 |a MITOLOGIA ROMANA  |2 CL-VaPUC  |9 265213 
583 |a last modification  |c 19881215 00:00:00  |k Rodrigo Vera 
490 0 |a Biblioteca breve. Ciencias humanas, 397 
999 |c 213258  |d 213256 
952 |0 0  |1 0  |4 0  |6 291_130000000000000_DUM_1977  |7 0  |8 P  |9 195466  |a BIBARQ  |b BIBARQ  |d 2019-11-14  |h v.1  |i 2635119  |o 291.13 DUM 1977  |p 2635119  |r 2025-01-20  |w 2019-11-14  |y BK  |k ARQ 
952 |0 0  |1 0  |4 0  |6 291_130000000000000_DUM_1977  |7 0  |8 A  |9 195467  |a BIBHIS  |b BIBHIS  |d 2019-11-14  |h v.1  |i 1332090  |o 291.13 DUM 1977  |p 1332090  |r 2025-01-20  |w 2019-11-14  |y BK  |k HIS